Artificial Intelligence and Law (Record no. 1312279)

MARC details
000 -LEADER
fixed length control field 00452nam a2200169Ia 4500
005 - DATE AND TIME OF LATEST TRANSACTION
control field 20250611122254.0
008 - FIXED-LENGTH DATA ELEMENTS--GENERAL INFORMATION
fixed length control field 008 250505s9999 xx 000 0 eng d
020 ## - INTERNATIONAL STANDARD BOOK NUMBER
International Standard Book Number 9789390735617
040 ## - CATALOGING SOURCE
Language of cataloging eng
Transcribing agency ILCL
041 ## - LANGUAGE CODE
Language code of text/sound track or separate title eng
Source of code eng
100 ## - MAIN ENTRY--PERSONAL NAME
Personal name Bhowal, Rituraj
245 #0 - TITLE STATEMENT
Title Artificial Intelligence and Law
250 ## - EDITION STATEMENT
Edition statement 1
260 ## - PUBLICATION, DISTRIBUTION, ETC.
Place of publication, distribution, etc. Prayagraj
Name of publisher, distributor, etc. Central Law Publications
Date of publication, distribution, etc. 2023
300 ## - PHYSICAL DESCRIPTION
Extent xxiii,276p.
942 ## - ADDED ENTRY ELEMENTS (KOHA)
Koha item type Textbook
Source of classification or shelving scheme
999 ## -
-- 1312279
-- 1312279
Holdings
Withdrawn status Lost status Damaged status Not for loan Home library Current library Date acquired Source of acquisition Cost, normal purchase price Inventory number Total checkouts Barcode Date last seen Price effective from Koha item type
        Integrated Law Course library Integrated Law Course library   Singhal Publications 350.00 2529 dt.26-06-2024   IL1863439 2026-01-30 2025-05-06 Textbook
        Integrated Law Course library Integrated Law Course library   Singhal Publications 350.00 2529 dt.26-06-2024   IL1863440 2025-05-06 2025-05-06 Textbook
Copyright @ Delhi University Library System